000 00280nam a22001337a 4500
003 SGT
082 _a340.07,DHA
100 _aDHANDA,AMITA
245 _aMOOT COURT FOR INTERACTIVE LEGAL
260 _aHYDRABAD
_bNLV
_c200
300 _a141
650 _aMOOT COURT
942 _2ddc
_cBK
999 _c9659
_d9659